| 000 | 00000nam##2200000za#4500 |
| 001 | 9.695749 |
| 003 | CaOODSP |
| 005 | 20210624234722 |
| 007 | cr ||||||||||| |
| 008 | 150407|2007||||xxc|||||o f|0| 0 eng|d |
| 040 | |aCaOODSP|beng |
| 043 | |an-cn--- |
| 086 | 1 |aM144-166/2007E-PDF |
| 110 | 1 |aCanada. |bNatural Resources Canada. |
| 245 | 10|aMoving forward on energy efficiency in Canada : |h[electronic resource]|ba foundation for action |
| 260 | |aOttawa - Ontario : |bNatural Resources Canada |cSeptember 25, 2007. |
| 300 | |a40p.|bfigs., references, tables, photographs |
| 500 | |aThe catalogue number (M144-166/2007E) and ISBN (978-0-662-46749-6) for the print edition have been incorrectly copied in this electronic publication. |
| 590 | |a12-05-Supp|b2012-03-02 |
| 690 | 07|aEnergy efficiency|2gcpds |
| 775 | 08|tFaire progresser l'efficacité énergétique au Canada : |w(CaOODSP)9.639872 |
| 856 | 40|ahttp://publications.gc.ca|qPDF|s4141 KB|uhttps://publications.gc.ca/collections/collection_2012/rncan-nrcan/M144-166-2007-eng.pdf |